00709nam a22001937a 450000500170000001000150001702000310003203500140006303700130007708200150009010000210010524500750012626000440020127000770024530000840032249000520040676000260045876000310048420210331130458.0 aENG-129357 a978-93-5388-364-5c1095.00 aEN-112889 bDBAD/PUB a320.954162 aGoswami, Sandhya aAssam Politics in Post-Congress Era: 1985 and beyond/cSandhya Goswami aNew DelhibSage Publication Indiac2020 aB1/1-1 Mohan Cooperative Industrial Area Mathura RoadbNew Delhie110044 axviii+188p.c22cm(hbk)bIncluding tables, bibliographical references and index. aSage Series on Politics in Indian StatesvVol 4 bPalshikar, Suhas, Ed. bDeshpande, Rajeshwari, Ed.